| 000 | 01073nas a2200325 4500 | ||
|---|---|---|---|
| 001 | BR2013004606 | ||
| 003 | BR-BrBNA | ||
| 005 | 20231205122501.0 | ||
| 007 | ta | ||
| 008 | 230509b bl.|||p| |||| 00| 00por d | ||
| 040 |
_aBR-BrBNA _bpor _cBiblioteca Nacional de Agricultura |
||
| 041 | _a(Pt) | ||
| 072 | _aF70 | ||
| 100 | 1 | _aCenci, B.T. | |
| 100 | 1 | _aDorneles, L.T. | |
| 100 | 1 | _aSimioni, E.L. | |
| 100 | 1 | _aFrizon, S. | |
| 100 | 1 | _aTravi, V.H. | |
| 100 | 1 | _a | |
| 100 | 1 | _a | |
| 245 | 1 | _aComposição da flora arbórea e arborescente no Jardim Botânico De Bento Gonçalves, Rio Grande Do Sul, Brasil | |
| 246 | 1 | _aComposition of the tree flora in the botanical garden of Bento Gonçalves, Rio Grande Do Sul, Brazil | |
| 650 | _aJARDIM BOTÂNICO | ||
| 650 | _aCOMPOSICAO BOTÂNICA | ||
| 650 | _aÁRVORE | ||
| 773 | 0 |
_tRevista Árvore (Brazil) _xISSN 0100-6762 _g(Jan-Feb 2013), v. 37(1) p. 137-149 _wBR2013004606 |
|
| 856 | 4 | 0 | _uhttp://www.scielo.br/pdf/rarv/v37n1/v37n1a15.pdf |
| 909 |
_a202311 _bLúcia _c55 _dLúcia Elande |
||
| 942 |
_2AGRIS _n0 _cANA |
||
| 999 |
_c228888 _d228888 |
||